| 000 | 00648nam a2200169 a 4500 | ||
|---|---|---|---|
| 001 | 000015952 | ||
| 005 | 20200929164220.0 | ||
| 008 | 100222s1956 dr r 001 0 spa d | ||
| 040 |
_aDO-SdBNP _bspa _cBNPHU |
||
| 082 |
_axxxx _bH557c |
||
| 100 | 1 |
_aHernández, Francisco A. _919647 |
|
| 245 | 1 | 0 |
_aCódigo de comercio de la República Dominicana : _bleyes que lo modifican y completan / _cFrancisco A. Hernández. |
| 260 |
_aCiudad Trujillo, República Dominicana : _bLibrería Dominicana, _c1956. |
||
| 300 |
_a282 p. ; _c23 cm. |
||
| 500 | _aIncluye referencias bibliográficas y notas al pie de las páginas | ||
| 710 | 1 |
_aRepública Dominicana _9447 |
|
| 999 |
_c15494 _d15494 |
||